[Event "WCO2014"]
[Site "Tromso"]
[Date "2014.08.05"]
[Round "4.31"]
[WhiteID "8700249"]
[White "Jere Daniel"]
[BlackID "12100196"]
[Black "Al-Sayed Mohammed"]
[Result "0-1"]
[LiveChessVersion "1.4.3"]
[BlackElo "2505"]
[WhiteElo "2405"]

1. c4 {[%clk 1:30:46]} c6 {[%clk 1:30:33]} 2. g3 {[%clk 1:30:50]} d5
{[%clk 1:30:56]} 3. Bg2 {[%clk 1:31:10]} Nf6 {[%clk 1:31:15]} 4. Nf3
{[%clk 1:30:54]} Bg4 {[%clk 1:31:38]} 5. Ne5 {[%clk 1:29:52]} Bf5
{[%clk 1:31:50]} 6. cxd5 {[%clk 1:30:11]} cxd5 {[%clk 1:32:07]} 7. Nc3
{[%clk 1:30:19]} Nc6 {[%clk 1:31:43]} 8. Qa4 {[%clk 1:26:58]} Bd7
{[%clk 1:31:11]} 9. Nxd7 {[%clk 1:27:02]} Qxd7 {[%clk 1:31:34]} 10. O-O
{[%clk 1:26:58]} e6 {[%clk 1:31:40]} 11. d3 {[%clk 1:19:11]} Be7 {[%clk 1:29:57]}
12. e4 {[%clk 1:16:53]} d4 {[%clk 1:30:16]} 13. Ne2 {[%clk 1:16:19]} O-O
{[%clk 1:30:11]} 14. f4 {[%clk 1:12:10]} Nb4 {[%clk 1:20:51]} 15. Qb3
{[%clk 1:02:04]} Qb5 {[%clk 1:15:15]} 16. Rd1 {[%clk 1:00:26]} Qh5
{[%clk 1:14:10]} 17. Rd2 {[%clk 0:44:02]} Ng4 {[%clk 1:06:18]} 18. h3
{[%clk 0:43:06]} Ne3 {[%clk 1:06:39]} 19. a3 {[%clk 0:40:41]} Qa5
{[%clk 1:04:38]} 20. Nxd4 {[%clk 0:29:09]} Bc5 {[%clk 1:00:16]} 21. Kh2
{[%clk 0:28:38]} Bxd4 {[%clk 0:59:33]} 22. Qxb4 {[%clk 0:28:47]} Qxb4
{[%clk 0:59:41]} 23. axb4 {[%clk 0:29:14]} Rac8 {[%clk 1:00:02]} 24. b5
{[%clk 0:19:23]} Bb6 {[%clk 0:50:15]} 25. b3 {[%clk 0:12:05]} Rfd8
{[%clk 0:41:22]} 26. Bb2 {[%clk 0:10:26]} Nxg2 {[%clk 0:41:27]} 27. Kxg2
{[%clk 0:10:02]} Be3 {[%clk 0:41:51]} 28. Re2 {[%clk 0:09:41]} Rxd3
{[%clk 0:42:09]} 29. b4 {[%clk 0:09:49]} Bb6 {[%clk 0:39:13]} 30. Rc1
{[%clk 0:09:44]} Rcd8 {[%clk 0:38:56]} 31. Rc3 {[%clk 0:09:01]} R3d4
{[%clk 0:38:15]} 32. Rb3 {[%clk 0:06:54]} Rd1 {[%clk 0:38:27]} 33. Rc3
{[%clk 0:05:15]} h5 {[%clk 0:38:31]} 34. Rc1 {[%clk 0:04:03]} R1d3
{[%clk 0:38:19]} 35. Bc3 {[%clk 0:03:49]} h4 {[%clk 0:37:14]} 36. gxh4
{[%clk 0:03:54]} Be3 {[%clk 0:37:38]} 37. Rcc2 {[%clk 0:04:17]} Bxf4
{[%clk 0:37:58]} 38. Be1 {[%clk 0:04:40]} Rb3 {[%clk 0:37:19]} 39. Rc3
{[%clk 0:04:30]} Rb1 {[%clk 0:34:26]} 40. Kf3 {[%clk 0:02:19]} Be5
{[%clk 0:33:44]} 41. Ra3 {[%clk 0:02:06]} Rdd1 {[%clk 0:34:05]} 42. Bf2
{[%clk 0:28:18]} Rxb4 {[%clk 1:04:04]} 43. Rxa7 {[%clk 0:25:46]} Rxb5
{[%clk 1:04:27]} 44. Ra8+ {[%clk 0:25:25]} Kh7 {[%clk 1:04:53]} 45. Rc2
{[%clk 0:24:02]} Rh1 {[%clk 1:03:40]} 46. Rcc8 {[%clk 0:21:50]} Rb3+
{[%clk 1:03:48]} 47. Ke2 {[%clk 0:18:10]} Rhxh3 {[%clk 1:03:35]} 0-1

[Event "WCO2014"]
[Site "Tromso"]
[Date "2014.08.05"]
[Round "4.30"]
[WhiteID "12100293"]
[White "Nezad Husein Aziz"]
[BlackID "8700265"]
[Black "Mwali Chitumbo"]
[Result "1-0"]
[LiveChessVersion "1.4.3"]
[BlackElo "2250"]
[WhiteElo "2365"]

1. d4 {[%clk 1:30:56]} Nf6 {[%clk 1:30:55]} 2. c4 {[%clk 1:31:11]} e6
{[%clk 1:31:20]} 3. Nf3 {[%clk 1:31:36]} c5 {[%clk 1:30:56]} 4. g3
{[%clk 1:30:18]} cxd4 {[%clk 1:29:09]} 5. Nxd4 {[%clk 1:30:04]} a6
{[%clk 1:27:37]} 6. Bg2 {[%clk 1:30:08]} Ra7 {[%clk 1:20:02]} 7. O-O
{[%clk 1:28:31]} b6 {[%clk 1:19:35]} 8. Nc3 {[%clk 1:28:34]} Bb7 {[%clk 1:19:43]}
9. e4 {[%clk 1:24:34]} d6 {[%clk 1:12:30]} 10. b3 {[%clk 1:24:21]} Be7
{[%clk 1:10:25]} 11. Bb2 {[%clk 1:24:38]} Nbd7 {[%clk 1:10:05]} 12. Qe2
{[%clk 1:24:34]} O-O {[%clk 1:09:37]} 13. Rad1 {[%clk 1:24:35]} Qc7
{[%clk 1:06:00]} 14. f4 {[%clk 1:23:22]} Raa8 {[%clk 1:00:50]} 15. g4
{[%clk 1:17:19]} g6 {[%clk 0:55:03]} 16. Nc2 {[%clk 1:12:21]} b5 {[%clk 0:36:07]}
17. g5 {[%clk 1:06:33]} Nh5 {[%clk 0:35:27]} 18. Ne3 {[%clk 0:57:58]} b4
{[%clk 0:31:58]} 19. Na4 {[%clk 0:55:48]} e5 {[%clk 0:30:45]} 20. Ng4
{[%clk 0:45:54]} f6 {[%clk 0:30:31]} 21. gxf6 {[%clk 0:41:07]} Nhxf6
{[%clk 0:30:35]} 22. Kh1 {[%clk 0:38:49]} exf4 {[%clk 0:26:11]} 23. Rxf4
{[%clk 0:35:33]} Ne5 {[%clk 0:20:59]} 24. Nxe5 {[%clk 0:31:36]} dxe5
{[%clk 0:21:02]} 25. Rff1 {[%clk 0:31:56]} Rad8 {[%clk 0:14:59]} 26. Rxd8
{[%clk 0:26:45]} Rxd8 {[%clk 0:15:28]} 27. c5 {[%clk 0:25:47]} Kg7
{[%clk 0:14:25]} 28. Rc1 {[%clk 0:24:28]} Bc6 {[%clk 0:11:39]} 29. Nb6
{[%clk 0:19:26]} Bb5 {[%clk 0:08:04]} 30. Qe1 {[%clk 0:19:48]} Bxc5
{[%clk 0:02:12]} 31. Nd5 {[%clk 0:18:56]} Nxd5 {[%clk 0:01:52]} 32. exd5
{[%clk 0:19:17]} Re8 {[%clk 0:02:15]} 33. a4 {[%clk 0:17:46]} Bd3
{[%clk 0:01:24]} 34. Bd4 {[%clk 0:14:47]} exd4 {[%clk 0:00:41]} 35. Qxe8
{[%clk 0:15:07]} Bf5 {[%clk 0:00:36]} 36. Qc6 {[%clk 0:12:02]} 1-0

[Event "WCO2014"]
[Site "Tromso"]
[Date "2014.08.05"]
[Round "4.29"]
[WhiteID "8700435"]
[White "Chumfwa Kelvin"]
[BlackID "12100285"]
[Black "Al-Tamimi Hamad"]
[Result "0-1"]
[LiveChessVersion "1.4.3"]
[BlackElo "2186"]
[WhiteElo "2193"]

1. Nf3 {[%clk 1:30:44]} d5 {[%clk 1:30:52]} 2. g3 {[%clk 1:31:03]} c6
{[%clk 1:30:09]} 3. Bg2 {[%clk 1:31:27]} Bg4 {[%clk 1:30:33]} 4. O-O
{[%clk 1:31:21]} Nd7 {[%clk 1:30:52]} 5. d3 {[%clk 1:31:30]} e5 {[%clk 1:28:45]}
6. Nbd2 {[%clk 1:31:15]} Ngf6 {[%clk 1:27:23]} 7. h3 {[%clk 1:31:14]} Bh5
{[%clk 1:25:07]} 8. e4 {[%clk 1:30:59]} dxe4 {[%clk 1:25:13]} 9. dxe4
{[%clk 1:30:41]} Bc5 {[%clk 1:24:08]} 10. Qe2 {[%clk 1:30:06]} O-O
{[%clk 1:23:57]} 11. Nb3 {[%clk 1:25:07]} Bb6 {[%clk 1:22:41]} 12. Rd1
{[%clk 1:15:38]} Qc7 {[%clk 1:21:12]} 13. a4 {[%clk 1:13:33]} a5 {[%clk 1:17:19]}
14. Bg5 {[%clk 1:09:24]} Rfe8 {[%clk 1:15:02]} 15. Rd2 {[%clk 0:53:17]} h6
{[%clk 1:14:30]} 16. Be3 {[%clk 0:48:22]} Bxf3 {[%clk 1:10:41]} 17. Bxf3
{[%clk 0:44:17]} Nf8 {[%clk 1:09:43]} 18. Nc5 {[%clk 0:39:31]} Ne6
{[%clk 1:06:48]} 19. Nxe6 {[%clk 0:39:32]} Rxe6 {[%clk 1:07:12]} 20. Rad1
{[%clk 0:39:40]} Ree8 {[%clk 1:06:49]} 21. Rd3 {[%clk 0:38:16]} Rad8
{[%clk 1:05:43]} 22. Qd2 {[%clk 0:35:55]} Rxd3 {[%clk 1:03:58]} 23. Qxd3
{[%clk 0:35:44]} Bxe3 {[%clk 1:04:10]} 24. Qxe3 {[%clk 0:36:02]} Rd8
{[%clk 1:04:19]} 25. Rxd8+ {[%clk 0:33:01]} Qxd8 {[%clk 1:04:43]} 26. Qa7
{[%clk 0:33:19]} Qc7 {[%clk 0:55:56]} 27. Qa8+ {[%clk 0:31:56]} Kh7
{[%clk 0:56:21]} 28. Qf8 {[%clk 0:32:18]} g6 {[%clk 0:53:38]} 29. h4
{[%clk 0:32:09]} h5 {[%clk 0:53:22]} 30. c3 {[%clk 0:30:42]} b6 {[%clk 0:40:24]}
31. Kg2 {[%clk 0:28:20]} Ng8 {[%clk 0:34:38]} 32. Be2 {[%clk 0:24:49]} Qe7
{[%clk 0:34:42]} 33. Qxe7 {[%clk 0:21:48]} Nxe7 {[%clk 0:35:03]} 34. Kf3
{[%clk 0:22:09]} Nc8 {[%clk 0:33:40]} 35. Ke3 {[%clk 0:22:16]} Kg7
{[%clk 0:33:50]} 36. Bf1 {[%clk 0:20:55]} Kf6 {[%clk 0:34:10]} 37. f4
{[%clk 0:20:11]} Nd6 {[%clk 0:23:59]} 38. b4 {[%clk 0:04:20]} Ke6
{[%clk 0:13:47]} 39. bxa5 {[%clk 0:04:13]} bxa5 {[%clk 0:14:06]} 40. Bh3+
{[%clk 0:04:27]} Ke7 {[%clk 0:10:56]} 41. fxe5 {[%clk 0:01:56]} Nc4+
{[%clk 0:11:17]} 42. Kd4 {[%clk 0:02:17]} Nb6 {[%clk 0:11:09]} 43. Bf1
{[%clk 0:02:05]} Nxa4 {[%clk 0:10:32]} 44. Bc4 {[%clk 0:01:53]} c5+
{[%clk 0:08:06]} 45. Kd5 {[%clk 0:30:23]} Nxc3+ {[%clk 0:38:51]} 46. Kxc5
{[%clk 0:30:50]} Nxe4+ {[%clk 0:39:10]} 47. Kd4 {[%clk 0:31:08]} Nxg3
{[%clk 0:39:30]} 0-1

[Event "WCO2014"]
[Site "Tromso"]
[Date "2014.08.05"]
[Round "4.5"]
[WhiteID "5201268"]
[White "Sadorra Julio Catalino"]
[BlackID "503142"]
[Black "Nyback Tomi"]
[Result "0-1"]
[LiveChessVersion "1.4.3"]
[BlackElo "2591"]
[WhiteElo "2590"]

1. d4 {[%clk 1:30:56]} d5 {[%clk 1:30:55]} 2. c4 {[%clk 1:31:16]} c6
{[%clk 1:31:20]} 3. Nc3 {[%clk 1:31:37]} Nf6 {[%clk 1:31:42]} 4. e3
{[%clk 1:31:56]} a6 {[%clk 1:30:19]} 5. Nf3 {[%clk 1:32:11]} Bf5 {[%clk 1:30:41]}
6. Ne5 {[%clk 1:31:38]} Nbd7 {[%clk 1:14:48]} 7. Qb3 {[%clk 1:30:23]} Ra7
{[%clk 0:49:26]} 8. cxd5 {[%clk 1:30:30]} cxd5 {[%clk 0:48:37]} 9. f3
{[%clk 1:19:23]} Nxe5 {[%clk 0:28:16]} 10. dxe5 {[%clk 1:19:44]} Nd7
{[%clk 0:28:41]} 11. e4 {[%clk 0:59:50]} dxe4 {[%clk 0:25:19]} 12. Be3
{[%clk 0:58:12]} b6 {[%clk 0:23:25]} 13. Rd1 {[%clk 0:43:58]} e6 {[%clk 0:16:12]}
14. Qa4 {[%clk 0:42:21]} exf3 {[%clk 0:07:28]} 15. g4 {[%clk 0:31:01]} Bg6
{[%clk 0:07:03]} 16. Bb5 {[%clk 0:28:31]} Bc5 {[%clk 0:05:20]} 17. Bxc5
{[%clk 0:28:46]} bxc5 {[%clk 0:05:41]} 18. O-O {[%clk 0:28:29]} h5
{[%clk 0:03:54]} 19. Bxd7+ {[%clk 0:11:12]} Rxd7 {[%clk 0:04:17]} 20. Rd6
{[%clk 0:11:39]} Ke7 {[%clk 0:02:26]} 21. Rfd1 {[%clk 0:12:06]} Rxd6
{[%clk 0:02:34]} 22. Rxd6 {[%clk 0:12:33]} Qc8 {[%clk 0:01:58]} 23. Qf4
{[%clk 0:04:53]} hxg4 {[%clk 0:01:09]} 24. Qg5+ {[%clk 0:05:02]} Ke8
{[%clk 0:01:24]} 25. Qxg4 {[%clk 0:04:57]} Qb7 {[%clk 0:01:01]} 26. Qf4
{[%clk 0:01:18]} Rh5 {[%clk 0:00:48]} 27. b3 {[%clk 0:00:36]} f2+
{[%clk 0:00:59]} 28. Kf1 {[%clk 0:00:54]} Qh1+ {[%clk 0:01:17]} 0-1

[Event "WCO2014"]
[Site "Tromso"]
[Date "2014.08.05"]
[Round "4.6"]
[WhiteID "502081"]
[White "Karttunen Mika"]
[BlackID "5201381"]
[Black "Gomez John Paul"]
[Result "1/2-1/2"]
[LiveChessVersion "1.4.3"]
[BlackElo "2526"]
[WhiteElo "2437"]

1. e4 {[%clk 1:30:56]} e5 {[%clk 1:30:55]} 2. Nf3 {[%clk 1:31:12]} Nc6
{[%clk 1:31:19]} 3. Bb5 {[%clk 1:31:21]} Nf6 {[%clk 1:31:43]} 4. d3
{[%clk 1:31:18]} Bc5 {[%clk 1:31:43]} 5. Bxc6 {[%clk 1:26:22]} dxc6
{[%clk 1:32:01]} 6. h3 {[%clk 1:26:35]} O-O {[%clk 1:30:03]} 7. Be3
{[%clk 1:25:33]} Bxe3 {[%clk 1:28:25]} 8. fxe3 {[%clk 1:25:35]} Qe7
{[%clk 1:28:36]} 9. Nc3 {[%clk 1:22:31]} c5 {[%clk 1:26:37]} 10. Nd2
{[%clk 1:17:16]} Be6 {[%clk 1:25:46]} 11. b3 {[%clk 1:09:56]} c6 {[%clk 1:23:23]}
12. a4 {[%clk 1:05:09]} a5 {[%clk 1:22:52]} 13. O-O {[%clk 1:02:38]} Nd7
{[%clk 1:22:54]} 14. Kh2 {[%clk 0:44:32]} g6 {[%clk 1:22:04]} 15. g4
{[%clk 0:43:33]} Kg7 {[%clk 1:20:57]} 16. Rg1 {[%clk 0:36:16]} Rh8
{[%clk 1:18:14]} 17. Nf3 {[%clk 0:24:12]} h5 {[%clk 1:15:38]} 18. g5
{[%clk 0:23:40]} Qd6 {[%clk 1:15:06]} 19. Nh4 {[%clk 0:22:51]} Qc7
{[%clk 1:14:21]} 20. Qd2 {[%clk 0:21:24]} Qb6 {[%clk 1:10:02]} 21. Ne2
{[%clk 0:15:58]} Qc7 {[%clk 1:10:12]} 22. Qc3 {[%clk 0:15:40]} Kh7
{[%clk 1:09:39]} 23. Nf3 {[%clk 0:11:40]} Rhe8 {[%clk 1:08:19]} 24. Qe1
{[%clk 0:10:07]} Qb8 {[%clk 1:06:02]} 25. Qh4 {[%clk 0:09:04]} Rh8
{[%clk 1:05:07]} 26. Rgf1 {[%clk 0:06:09]} b6 {[%clk 1:04:03]} 27. Kg2
{[%clk 0:06:15]} Re8 {[%clk 1:01:47]} 28. Ng3 {[%clk 0:05:35]} Kg7
{[%clk 1:00:45]} 29. Nd2 {[%clk 0:05:31]} Rh8 {[%clk 0:58:37]} 30. Rf2
{[%clk 0:05:38]} Rh7 {[%clk 0:57:49]} 31. Kg1 {[%clk 0:02:39]} Qc7
{[%clk 0:56:40]} 32. Kg2 {[%clk 0:01:42]} Rg8 {[%clk 0:54:52]} 33. Raf1
{[%clk 0:00:53]} Kf8 {[%clk 0:53:23]} 34. Kh1 {[%clk 0:00:43]} Ke8
{[%clk 0:50:55]} 35. Ne2 {[%clk 0:00:45]} Kd8 {[%clk 0:51:07]} 36. Rg1
{[%clk 0:01:03]} Kc8 {[%clk 0:51:11]} 1/2-1/2

[Event "WCO2014"]
[Site "Tromso"]
[Date "2014.08.05"]
[Round "4.7"]
[WhiteID "5200016"]
[White "Torre Eugenio"]
[BlackID "501840"]
[Black "Agopov Mikael"]
[Result "1-0"]
[LiveChessVersion "1.4.3"]
[BlackElo "2431"]
[WhiteElo "2438"]

1. b3 {[%clk 1:30:48]} e5 {[%clk 1:28:26]} 2. Bb2 {[%clk 1:31:05]} Nc6
{[%clk 1:28:53]} 3. e3 {[%clk 1:31:27]} Nf6 {[%clk 1:29:20]} 4. Bb5
{[%clk 1:31:30]} Bd6 {[%clk 1:29:47]} 5. Na3 {[%clk 1:31:09]} a6 {[%clk 1:28:48]}
6. Bxc6 {[%clk 1:30:17]} dxc6 {[%clk 1:29:15]} 7. Nc4 {[%clk 1:30:35]} Qe7
{[%clk 1:28:50]} 8. Ne2 {[%clk 1:27:00]} b5 {[%clk 1:20:14]} 9. Nxd6+
{[%clk 1:27:17]} cxd6 {[%clk 1:20:41]} 10. O-O {[%clk 1:27:32]} c5
{[%clk 1:20:10]} 11. f4 {[%clk 1:13:44]} O-O {[%clk 1:17:22]} 12. Ng3
{[%clk 1:10:48]} Bb7 {[%clk 1:15:24]} 13. Qe2 {[%clk 1:02:55]} Qe6
{[%clk 1:11:43]} 14. e4 {[%clk 0:54:53]} c4 {[%clk 1:05:13]} 15. d3
{[%clk 0:54:17]} Rac8 {[%clk 0:59:52]} 16. Nf5 {[%clk 0:51:30]} Rfd8
{[%clk 0:46:36]} 17. Rf3 {[%clk 0:46:23]} Nh5 {[%clk 0:35:26]} 18. fxe5
{[%clk 0:42:43]} dxe5 {[%clk 0:35:50]} 19. Raf1 {[%clk 0:42:15]} Rd7
{[%clk 0:25:06]} 20. Rh3 {[%clk 0:30:05]} Nf6 {[%clk 0:22:26]} 21. Rg3
{[%clk 0:27:46]} Ne8 {[%clk 0:21:40]} 22. Qg4 {[%clk 0:27:10]} Rcc7
{[%clk 0:15:25]} 23. bxc4 {[%clk 0:07:39]} Qb6+ {[%clk 0:08:53]} 24. Kh1
{[%clk 0:07:38]} g6 {[%clk 0:09:10]} 25. Bxe5 {[%clk 0:07:41]} bxc4
{[%clk 0:08:07]} 26. Qf4 {[%clk 0:06:17]} f6 {[%clk 0:06:59]} 27. Bxc7
{[%clk 0:06:38]} Rxc7 {[%clk 0:07:25]} 28. e5 {[%clk 0:05:21]} cxd3
{[%clk 0:07:16]} 29. cxd3 {[%clk 0:05:43]} Rc2 {[%clk 0:05:01]} 30. Nd6
{[%clk 0:03:55]} 1-0

[Event "WCO2014"]
[Site "Tromso"]
[Date "2014.08.05"]
[Round "4.8"]
[WhiteID "505455"]
[White "Sipila Vilka"]
[BlackID "5206995"]
[Black "Bersamina Paulo"]
[Result "0-1"]
[LiveChessVersion "1.4.3"]
[BlackElo "2363"]
[WhiteElo "2425"]

1. e4 {[%clk 1:30:57]} c5 {[%clk 1:30:49]} 2. b3 {[%clk 1:31:21]} Nc6
{[%clk 1:29:54]} 3. Bb2 {[%clk 1:31:39]} d6 {[%clk 1:28:15]} 4. Nf3
{[%clk 1:31:54]} Nf6 {[%clk 1:28:13]} 5. Bxf6 {[%clk 1:29:13]} exf6
{[%clk 1:28:14]} 6. Nc3 {[%clk 1:29:15]} g6 {[%clk 1:28:15]} 7. Bc4
{[%clk 1:29:26]} Bg7 {[%clk 1:28:39]} 8. O-O {[%clk 1:29:49]} O-O
{[%clk 1:29:00]} 9. Rc1 {[%clk 1:29:31]} f5 {[%clk 1:29:01]} 10. exf5
{[%clk 1:29:19]} Bxf5 {[%clk 1:29:25]} 11. Nd5 {[%clk 1:28:34]} Be6
{[%clk 1:24:22]} 12. a4 {[%clk 1:25:51]} Na5 {[%clk 1:23:23]} 13. d3
{[%clk 1:24:49]} a6 {[%clk 1:20:27]} 14. b4 {[%clk 1:25:01]} cxb4
{[%clk 1:20:12]} 15. Ne3 {[%clk 1:24:49]} Nxc4 {[%clk 1:19:13]} 16. dxc4
{[%clk 1:25:03]} Rc8 {[%clk 1:17:12]} 17. Qd3 {[%clk 1:25:28]} Qa5
{[%clk 1:16:52]} 18. Nd4 {[%clk 1:25:13]} Qxa4 {[%clk 1:13:04]} 19. Nxe6
{[%clk 1:24:18]} fxe6 {[%clk 1:13:33]} 20. Qxd6 {[%clk 1:24:24]} Rfe8
{[%clk 1:10:52]} 21. Qb6 {[%clk 1:22:54]} Bc3 {[%clk 1:07:34]} 22. Rb1
{[%clk 1:19:56]} Qc6 {[%clk 1:05:41]} 23. Rxb4 {[%clk 1:19:58]} Bxb4
{[%clk 1:05:19]} 24. Qxb4 {[%clk 1:20:27]} h5 {[%clk 0:57:26]} 25. h3
{[%clk 1:18:51]} Rc7 {[%clk 0:56:58]} 26. Qb2 {[%clk 1:17:29]} Rf7
{[%clk 0:52:03]} 27. Rd1 {[%clk 1:17:39]} Qc5 {[%clk 0:51:57]} 28. Qb3
{[%clk 1:16:46]} Qe5 {[%clk 0:51:24]} 29. Qb6 {[%clk 1:15:45]} Kh7
{[%clk 0:48:09]} 30. Rd6 {[%clk 1:14:27]} Qf6 {[%clk 0:45:43]} 31. Rd2
{[%clk 1:13:49]} Rc8 {[%clk 0:44:51]} 32. Qd6 {[%clk 1:13:31]} a5
{[%clk 0:40:43]} 33. Qb6 {[%clk 1:12:17]} Ra8 {[%clk 0:38:19]} 34. c3
{[%clk 1:12:07]} Ra6 {[%clk 0:37:55]} 35. Qb3 {[%clk 1:11:59]} a4
{[%clk 0:38:09]} 36. Qb4 {[%clk 1:11:52]} a3 {[%clk 0:33:39]} 37. Ra2
{[%clk 1:12:14]} Qf4 {[%clk 0:33:45]} 38. Qb5 {[%clk 1:06:29]} Qd6
{[%clk 0:31:29]} 39. Qb1 {[%clk 1:05:09]} Qc5 {[%clk 0:23:48]} 40. Qe4
{[%clk 1:02:41]} b5 {[%clk 0:21:14]} 41. g4 {[%clk 0:50:31]} hxg4
{[%clk 0:20:07]} 42. hxg4 {[%clk 0:50:56]} bxc4 {[%clk 0:19:46]} 43. Kf1
{[%clk 0:44:57]} Rb6 {[%clk 0:16:31]} 44. Nxc4 {[%clk 0:44:15]} Rb2
{[%clk 0:15:57]} 45. Nxb2 {[%clk 0:44:15]} Qxf2# {[%clk 0:16:22]} 0-1

[Event "WCO2014"]
[Site "Tromso"]
[Date "2014.08.05"]
[Round "4.28"]
[WhiteID "1700146"]
[White "Wiedenkeller Michael"]
[BlackID "3800024"]
[Black "Granda Zuniga Julio E"]
[Result "0-1"]
[LiveChessVersion "1.4.3"]
[BlackElo "2663"]
[WhiteElo "2471"]

1. d4 {[%clk 1:30:50]} Nf6 {[%clk 1:30:46]} 2. c4 {[%clk 1:31:06]} e6
{[%clk 1:31:07]} 3. Nc3 {[%clk 1:31:21]} Bb4 {[%clk 1:31:34]} 4. e3
{[%clk 1:31:26]} b6 {[%clk 1:31:46]} 5. Nge2 {[%clk 1:30:47]} c5 {[%clk 1:30:19]}
6. a3 {[%clk 1:20:50]} Ba5 {[%clk 1:27:56]} 7. g3 {[%clk 1:08:18]} Bb7
{[%clk 1:19:46]} 8. d5 {[%clk 1:08:24]} b5 {[%clk 1:19:49]} 9. b4
{[%clk 0:40:58]} cxb4 {[%clk 1:20:02]} 10. Nxb5 {[%clk 0:36:06]} b3+
{[%clk 1:07:32]} 11. Bd2 {[%clk 0:32:26]} Ne4 {[%clk 1:03:43]} 12. Nec3
{[%clk 0:29:01]} Nxd2 {[%clk 1:00:58]} 13. Qxd2 {[%clk 0:28:08]} O-O
{[%clk 0:59:49]} 14. Bg2 {[%clk 0:22:21]} Na6 {[%clk 0:49:49]} 15. O-O
{[%clk 0:20:42]} Nc5 {[%clk 0:42:28]} 16. Qb2 {[%clk 0:15:01]} Qf6
{[%clk 0:39:41]} 17. Rab1 {[%clk 0:14:58]} Rab8 {[%clk 0:29:59]} 18. Rfd1
{[%clk 0:14:35]} Ba6 {[%clk 0:16:37]} 19. Bf1 {[%clk 0:10:37]} Rfc8
{[%clk 0:10:47]} 20. Rd4 {[%clk 0:08:46]} Bxb5 {[%clk 0:09:32]} 21. cxb5
{[%clk 0:07:20]} Bxc3 {[%clk 0:07:28]} 22. Qxc3 {[%clk 0:07:49]} exd5
{[%clk 0:07:50]} 23. Qe1 {[%clk 0:05:38]} Qf5 {[%clk 0:08:08]} 24. Rbd1
{[%clk 0:04:00]} b2 {[%clk 0:06:50]} 25. Rb4 {[%clk 0:03:42]} Qc2
{[%clk 0:06:33]} 26. Rd2 {[%clk 0:04:02]} Qc1 {[%clk 0:06:57]} 27. Rd1
{[%clk 0:04:01]} Ne4 {[%clk 0:06:33]} 28. Bd3 {[%clk 0:02:23]} Qxd1
{[%clk 0:03:34]} 29. Qxd1 {[%clk 0:02:52]} Rc1 {[%clk 0:04:00]} 30. Qf1
{[%clk 0:02:32]} Nd2 {[%clk 0:04:24]} 31. Rxb2 {[%clk 0:02:50]} Nxf1
{[%clk 0:04:48]} 32. Bxf1 {[%clk 0:03:18]} d4 {[%clk 0:04:33]} 33. exd4
{[%clk 0:03:24]} Rd1 {[%clk 0:04:53]} 34. Rc2 {[%clk 0:00:47]} Kf8
{[%clk 0:02:39]} 35. Rc7 {[%clk 0:00:47]} Rxb5 {[%clk 0:02:39]} 36. Kg2
{[%clk 0:01:06]} Rbb1 {[%clk 0:02:47]} 37. Ba6 {[%clk 0:00:56]} Rxd4
{[%clk 0:02:57]} 38. Bc8 {[%clk 0:00:54]} Ke7 {[%clk 0:01:44]} 39. Rxa7
{[%clk 0:01:05]} Rb2 {[%clk 0:02:01]} 40. h4 {[%clk 0:00:39]} Rdd2
{[%clk 0:02:16]} 41. Kh3 {[%clk 0:01:00]} h5 {[%clk 0:02:27]} 42. g4
{[%clk 0:28:29]} Rb3+ {[%clk 0:32:38]} 0-1

[Event "WCO2014"]
[Site "Tromso"]
[Date "2014.08.05"]
[Round "4.27"]
[WhiteID "3801497"]
[White "Cordova Emilio"]
[BlackID "4000510"]
[Black "Berend Elvira"]
[Result "1-0"]
[LiveChessVersion "1.4.3"]
[BlackElo "2330"]
[WhiteElo "2629"]

1. Nf3 {[%clk 1:30:52]} Nf6 {[%clk 1:30:54]} 2. d4 {[%clk 1:31:12]} g6
{[%clk 1:31:04]} 3. c4 {[%clk 1:30:43]} Bg7 {[%clk 1:31:16]} 4. g3
{[%clk 1:30:37]} O-O {[%clk 1:31:34]} 5. Bg2 {[%clk 1:31:02]} d6 {[%clk 1:31:41]}
6. O-O {[%clk 1:31:23]} Nc6 {[%clk 1:31:34]} 7. Nc3 {[%clk 1:31:19]} a6
{[%clk 1:31:53]} 8. h3 {[%clk 1:31:20]} Rb8 {[%clk 1:31:35]} 9. Be3
{[%clk 1:27:10]} e6 {[%clk 1:29:35]} 10. a4 {[%clk 1:20:07]} a5 {[%clk 1:25:27]}
11. Qc1 {[%clk 1:19:56]} b6 {[%clk 1:20:02]} 12. Rd1 {[%clk 1:20:02]} Nb4
{[%clk 1:17:25]} 13. Bg5 {[%clk 1:16:29]} Bb7 {[%clk 1:08:42]} 14. Qf4
{[%clk 1:14:12]} Bxf3 {[%clk 0:43:59]} 15. Bxf3 {[%clk 1:14:02]} h6
{[%clk 0:44:21]} 16. Bxh6 {[%clk 1:14:09]} Bxh6 {[%clk 0:44:45]} 17. Qxh6
{[%clk 1:14:33]} Qe7 {[%clk 0:43:16]} 18. h4 {[%clk 1:14:34]} Rfe8
{[%clk 0:37:24]} 19. Kg2 {[%clk 1:11:56]} e5 {[%clk 0:36:24]} 20. e3
{[%clk 1:10:35]} Qf8 {[%clk 0:34:26]} 21. Qxf8+ {[%clk 1:08:47]} Kxf8
{[%clk 0:34:43]} 22. dxe5 {[%clk 1:08:47]} dxe5 {[%clk 0:34:09]} 23. g4
{[%clk 1:08:03]} Ke7 {[%clk 0:34:14]} 24. g5 {[%clk 1:07:23]} Nd7
{[%clk 0:34:25]} 25. Nd5+ {[%clk 1:04:21]} Nxd5 {[%clk 0:34:26]} 26. Rxd5
{[%clk 1:04:43]} c6 {[%clk 0:33:10]} 27. Rd2 {[%clk 1:04:55]} Rec8
{[%clk 0:28:11]} 28. Rb1 {[%clk 0:54:08]} Rc7 {[%clk 0:19:14]} 29. Kg3
{[%clk 0:53:37]} Ra8 {[%clk 0:18:28]} 30. Bg2 {[%clk 0:52:25]} Nc5
{[%clk 0:18:06]} 31. b3 {[%clk 0:51:38]} Raa7 {[%clk 0:15:24]} 32. f4
{[%clk 0:50:52]} Rd7 {[%clk 0:15:15]} 33. Re2 {[%clk 0:48:36]} Rd6
{[%clk 0:11:34]} 34. fxe5 {[%clk 0:45:22]} Re6 {[%clk 0:11:56]} 35. Rd1
{[%clk 0:45:44]} Rd7 {[%clk 0:09:59]} 36. Rxd7+ {[%clk 0:46:01]} Nxd7
{[%clk 0:10:23]} 37. Bh3 {[%clk 0:45:39]} Rxe5 {[%clk 0:10:44]} 38. Kf4
{[%clk 0:45:34]} Rc5 {[%clk 0:10:55]} 39. Bxd7 {[%clk 0:43:38]} Kxd7
{[%clk 0:11:21]} 40. e4 {[%clk 0:44:04]} Ke6 {[%clk 0:09:13]} 41. e5
{[%clk 0:43:51]} b5 {[%clk 0:09:15]} 42. Re4 {[%clk 0:44:15]} 1-0